सामान्य ज्ञान, थ्यौरी एम.सी.क्यू: (Record no. 215315)

MARC details
000 -LEADER
fixed length control field 01015nam a22001817a 4500
005 - DATE AND TIME OF LATEST TRANSACTION
control field 20260305171845.0
010 ## - LCCN (DPL NO)
LC control number BACHN26
020 ## - INTERNATIONAL STANDARD BOOK NUMBER
International Standard Book Number 9780997025491
Terms of availability 490.00
037 ## - SOURCE OF ACQUISITION
Source of stock number/acquisition ए.आर. पब्लिकेशन
082 ## - DEWEY DECIMAL CLASSIFICATION NUMBER
Classification number 000
100 ## - MAIN ENTRY--PERSONAL NAME
Personal name आदित्य रंजन
245 ## - TITLE STATEMENT
Title सामान्य ज्ञान, थ्यौरी एम.सी.क्यू:
Remainder of title ट्रिक एंड बैस्ट इंफाग्राफीक्स/
Statement of responsibility, etc आदित्य रंजन
250 ## - EDITION STATEMENT
Edition statement प्रथम
260 ## - PUBLICATION, DISTRIBUTION, ETC. (IMPRINT)
Place of publication, distribution, etc नई दिल्ली
Name of publisher, distributor, etc ए.आर. पब्लिकेशन
Date of publication, distribution, etc 2025
300 ## - PHYSICAL DESCRIPTION
Extent 590पृ.
Dimensions 26सेमी (अजिल्द)
Other physical details सचित्र
500 ## - GENERAL NOTE
General note एस.एस.सी(सी.जी.एल.), सी.पी.ओ, स्टैनोग्राफ्रर, एस.पी, जी.डी, एम.टी.एस., रेलवे एन.टी.पी.सी, एलपी.
942 ## - ADDED ENTRY ELEMENTS (KOHA)
Source of classification or shelving scheme Dewey Decimal Classification
Item type Hindi Books
Classification part 000
Call number suffix आदित्य

No items available.


© Delhi Public Library
Hit Counter
free hit counter